000 00736nam a2200193 4500
001 118620
003 ES-MaACL
005 20230906191134.0
007 t|
008 070214s1929 sp r ||||1| spa d
100 1 _aParga Pondal, Isidro.
_989116
245 1 0 _aContribución al estudio de los minerales de wolframio de Galicia
_b: Análisis de las wolframitas de La Brea, Corpiño y Carboeiro (Lalín, Pontevedra).
_n, . I /
_cpor I. Parga Pondal y J. Vázquez-Garriga.
260 _aA Coruña :
_bNós,
_c1929.
300 _a5 p. ;
_c25 cm.
500 _aSeparata de: Arquivos do Seminario d'Estudos Galegos, III (1929)
700 1 _aVázquez Garriga, J.
_9113446
852 _aES-MaACL
_j1732-F-13
852 _aES-MaACL
_j1742-F-17
999 _c118620
_d118620